00320 a2200109 4500001000700000020000600007040001100013100002200024240008000046245007500126362000900201177402 a  cMagnum aAzevedo, Eglom de10aGeografia: interagindo na europa, asia, africa, oceania e regioes pol.lpor10aGeografia: interagindo na europa, asia, africa, oceania e regioes pol.0 a1899